Teología II : moral
Saved in:
| Format: | Book |
|---|---|
| Language: | English |
| Published: |
México, D. F.
Buena Prensa
1960
|
| Edition: | 2a ed. rev. |
| Textbook Catalogue: | MANES: Library Catalog Search Result |
| Textbook Classification: |
|
| Tags: |
Add Tag
No Tags, Be the first to tag this record!
|
| Added to: | 2017-10-12 |
| Changed in: | 2025-05-08 |
MARC
| LEADER | 00000nam a22000007a 4500 | ||
|---|---|---|---|
| 003 | OSt | ||
| 005 | 20250508091959.0 | ||
| 008 | 171013b xxu||||| |||| 00| 0 eng d | ||
| 040 | |a centro_manes |c centro_manes | ||
| 050 | 0 | 4 | |a LTA BJ1238|bH47 |
| 100 | |q Hernández Chávez, José |9 45458 | ||
| 245 | 1 | 0 | |a Teología II : |b moral |
| 250 | |a 2a ed. rev. | ||
| 260 | |a México, D. F. |b Buena Prensa |c 1960 | ||
| 300 | |a 336 p | ||
| 561 | |5 mx-CINVES |a México. DIE-Cinvestav (Ciudad de México) |k MANES | ||
| 690 | 0 | |a RyM | |
| 942 | |2 lcc |c BK | ||
| 999 | |c 49949 |d 49949 | ||
| 999 | |c manes:49949 |d 49949 | ||